[Event "Bundesliga 2013/14"]
[Site "Hamburg GER"]
[Date "2014.02.22"]
[Round "9"]
[White "Robert Kempinski"]
[Black "Daniil Dubov"]
[Result "1/2-1/2"]
[EventDate "2013.10.12"]
[WhiteElo "2585"]
[BlackElo "2641"]
[PlyCount "45"]

1. d4 f5 2. c4 Nf6 3. Nf3 g6 4. e3 d6 5. b4 e5 6. dxe5 dxe5 7. Qxd8+ Kxd8 8. a3 e4 9. Bb2 Ke7 10. Nd4 Bg7 11. Nd2 a5 12. Be2 axb4 13. axb4 Rxa1+ 14. Bxa1 Na6 15. Bc3 c5 16. bxc5 Nxc5 17. O-O Kf7 18. Ra1 Re8 19. Kf1 Bf8 20. N2b3 Nfd7 21. Ke1 Nxb3 22. Nxb3 Nc5 23. Nxc5 1/2-1/2

[Event "Bronstein Memorial"]
[Site "Minsk BLR"]
[Date "2014.02.19"]
[Round "9.2"]
[White "Sergey Fedorchuk"]
[Black "Daniil Dubov"]
[Result "1-0"]
[EventDate "2014.02.11"]
[WhiteElo "2641"]
[BlackElo "2614"]
[PlyCount "97"]

1. e4 c5 2. Nf3 d6 3. d4 cxd4 4. Nxd4 Nf6 5. Nc3 Nc6 6. Bg5 e6 7. Qd2 a6 8. O-O-O Be7 9. f4 Bd7 10. Nf3 b5 11. Bxf6 gxf6 12. Qe3 Qc7 13. Bd3 Qa7 14. Qe1 O-O-O 15. Kb1 Rhe8 16. Rf1 Kb8 17. Nd2 Rg8 18. Rf2 Bc8 19. Nb3 Bb7 20. Bf1 Qb6 21. a3 Rd7 22. Rf3 Na5 23. Nxa5 Qxa5 24. Rh3 Bd8 25. Rxh7 b4 26. axb4 Qxb4 27. f5 Bc6 28. Na2 Qxe4 29. Nb4 Qxe1 30. Rxe1 Ba4 31. b3 Rb7 32. Nxa6+ Ka7 33. fxe6 Be8 34. exf7 Bxf7 35. Nb4 Rxb4 36. Rxf7+ Kb6 37. Bc4 Kc5 38. Rd7 Rxc4 39. bxc4 Ba5 40. Re2 Bc3 41. Re3 Be5 42. g3 Rh8 43. h4 Kxc4 44. Rd3 d5 45. R7xd5 Bxg3 46. R5d4+ Kc5 47. Rd5+ Kc4 48. R3d4+ Kc3 49. Rg4 1-0

[Event "Bronstein Memorial"]
[Site "Minsk BLR"]
[Date "2014.02.18"]
[Round "8.2"]
[White "Daniil Dubov"]
[Black "Aleksandr Shimanov"]
[Result "1/2-1/2"]
[EventDate "2014.02.11"]
[WhiteElo "2614"]
[BlackElo "2658"]
[PlyCount "104"]

1. d4 d5 2. c4 c6 3. Nf3 Nf6 4. e3 a6 5. Bd3 Bg4 6. Nbd2 e6 7. b3 c5 8. dxc5 Bxc5 9. Bb2 dxc4 10. Nxc4 Nc6 11. O-O O-O 12. Qb1 Nb4 13. Be4 Nxe4 14. Qxe4 Bxf3 15. Qxf3 Qe7 16. Qg4 f6 17. a3 Nc6 18. Rfd1 Rfd8 19. h4 Rxd1+ 20. Rxd1 b5 21. b4 Ba7 22. Qe4 Rd8 23. Rxd8+ Nxd8 24. Na5 Bb6 25. Qa8 Qd6 26. Bd4 Bxd4 27. exd4 Kf7 28. Qa7+ Kg6 29. g3 h5 30. Qc5 Qd7 31. Qb6 Qc8 32. Kg2 Qa8+ 33. Kg1 Qc8 34. Qd6 Qc1+ 35. Kg2 Qc8 36. d5 exd5 37. Qxd5 Qc7 38. Qe4+ Kf7 39. Qd5+ Kg6 40. Qe4+ Kf7 41. Qf5 g6 42. Qd5+ Ke7 43. Qe4+ Kf7 44. Qd5+ Ke7 45. Qd3 Kf7 46. a4 bxa4 47. Qxa6 Qd7 48. Qc4+ Qe6 49. Qc7+ Qe7 50. Qc4+ Qe6 51. Qc7+ Qe7 52. Qc4+ Qe6 1/2-1/2

[Event "Bronstein Memorial"]
[Site "Minsk BLR"]
[Date "2014.02.17"]
[Round "7.1"]
[White "Baadur Aleksandrovich Jobava"]
[Black "Daniil Dubov"]
[Result "1-0"]
[EventDate "2014.02.11"]
[WhiteElo "2706"]
[BlackElo "2614"]
[PlyCount "73"]

1. b3 e5 2. Bb2 Nc6 3. e3 g6 4. h4 h5 5. Nf3 Bg7 6. c4 d6 7. d3 Nge7 8. Nbd2 a5 9. a3 O-O 10. Qc2 Rb8 11. Be2 Bg4 12. Ne4 Qd7 13. O-O-O b5 14. cxb5 Rxb5 15. d4 Rb6 16. Nc5 Qf5 17. Bd3 Qc8 18. Na4 Rb8 19. d5 Na7 20. Bc4 c6 21. dxc6 Qxc6 22. e4 Nb5 23. Kb1 Rfc8 24. Ka2 Be6 25. Rc1 Bh6 26. Ng5 Bxc4 27. Qxc4 Qe8 28. Qd3 f6 29. f4 fxg5 30. hxg5 Bf8 31. fxe5 dxe5 32. Bxe5 Rxc1 33. Rxc1 Rc8 34. Nc5 Nc6 35. Nd7 Nxe5 36. Qd5+ Qf7 37. Qxf7+ 1-0

[Event "Bronstein Memorial"]
[Site "Minsk BLR"]
[Date "2014.02.16"]
[Round "6.1"]
[White "Daniil Dubov"]
[Black "Alexander Khalifman"]
[Result "1-0"]
[EventDate "2014.02.11"]
[WhiteElo "2614"]
[BlackElo "2611"]
[PlyCount "83"]

1. d4 Nf6 2. c4 g6 3. g3 c5 4. d5 b5 5. cxb5 a6 6. bxa6 d6 7. Nc3 Bg7 8. Bg2 O-O 9. Nh3 Nbd7 10. Nf4 Qa5 11. Bd2 Bxa6 12. O-O Rfb8 13. Qc2 Bc8 14. Rfb1 Qb6 15. Nd1 Qa6 16. Ne3 Ne5 17. Bc3 Nfg4 18. Nf1 c4 19. Bd4 Qa4 20. Qc3 Qb4 21. Nd2 Nf6 22. e4 Nfd7 23. Bf1 Ba6 24. Ng2 Nc5 25. f4 Nxe4 26. Nxe4 Nf3+ 27. Qxf3 Bxd4+ 28. Ne3 Bxb2 29. f5 Bxa1 30. Rxb4 Rxb4 31. f6 Be5 32. Ng4 Bd4+ 33. Kh1 Rb1 34. Nh6+ Kf8 35. fxe7+ Kxe7 36. Qxf7+ Kd8 37. Qf8+ Kc7 38. Qxa8 Rxf1+ 39. Kg2 Rg1+ 40. Kf3 Bb7 41. Qa5+ Bb6 42. Qb4 1-0

[Event "Bronstein Memorial"]
[Site "Minsk BLR"]
[Date "2014.02.15"]
[Round "5.3"]
[White "Eltaj Safarli"]
[Black "Daniil Dubov"]
[Result "0-1"]
[EventDate "2014.02.11"]
[WhiteElo "2649"]
[BlackElo "2614"]
[PlyCount "102"]

1. e4 c5 2. Nf3 d6 3. c3 Nf6 4. Be2 Bd7 5. Qc2 Qc7 6. O-O g6 7. d4 cxd4 8. Nxd4 Nc6 9. Nxc6 Bxc6 10. Bd3 d5 11. exd5 Nxd5 12. Be4 Bg7 13. Rd1 O-O-O 14. Nd2 f5 15. Bxd5 Rxd5 16. Nf1 Rhd8 17. Rxd5 Rxd5 18. Qe2 Qd7 19. Be3 b6 20. a4 Kb7 21. c4 Rd3 22. a5 Bf6 23. a6+ Kc8 24. Rc1 g5 25. b4 f4 26. b5 fxe3 27. bxc6 exf2+ 28. Kh1 Qf5 29. c5 bxc5 30. Rb1 Kc7 31. Rb7+ Kxc6 32. Rxa7 Qd5 33. Ra8 Kb6 34. Rb8+ Ka7 35. Rb7+ Ka8 36. Rc7 Kb8 37. Rb7+ Ka8 38. Rc7 Kb8 39. Rb7+ Ka8 40. Rc7 Qc4 41. Rd7 Rc3 42. Qd1 e6 43. a7 g4 44. Qb1 Rb3 45. Qd1 Bd4 46. Rf7 Qd3 47. Qxd3 Rxd3 48. g3 c4 49. Rxh7 c3 50. Rc7 e5 51. h4 gxh3 0-1

[Event "Bronstein Memorial"]
[Site "Minsk BLR"]
[Date "2014.02.13"]
[Round "3.4"]
[White "Samvel Ter-Sahakyan"]
[Black "Daniil Dubov"]
[Result "1/2-1/2"]
[EventDate "2014.02.11"]
[WhiteElo "2575"]
[BlackElo "2614"]
[PlyCount "101"]

1. e4 c5 2. Nf3 d6 3. d4 cxd4 4. Nxd4 Nf6 5. Nc3 Nc6 6. Bg5 e6 7. Qd2 a6 8. O-O-O Be7 9. f4 Bd7 10. Nf3 b5 11. Bxf6 gxf6 12. f5 h5 13. g3 Ne5 14. Nd4 Qb6 15. Bh3 Ng4 16. Kb1 Rc8 17. Rhe1 Rc4 18. Bf1 Rc7 19. h3 Ne5 20. fxe6 fxe6 21. Nce2 Nc4 22. Qd3 e5 23. Nf5 b4 24. Nc1 Kf8 25. Qf3 Bxf5 26. Qxf5 Qc5 27. Bxc4 Qxc4 28. Re2 Kf7 29. Rd5 Rc5 30. b3 Qb5 31. Red2 Qc6 32. Rxc5 Qxc5 33. Qf3 Qc8 34. Rh2 a5 35. Nd3 Qc3 36. Rg2 d5 37. exd5 Bc5 38. Kc1 Bd4 39. Qe4 Qa1+ 40. Kd2 Qf1 41. d6 f5 42. Qd5+ Kf6 43. Rf2 Bc3+ 44. Ke3 Qxh3 45. d7 Qxg3+ 46. Ke2 Qg4+ 47. Kf1 Qd1+ 48. Kg2 Qg4+ 49. Kf1 Qd1+ 50. Kg2 Qg4+ 51. Kf1 1/2-1/2

[Event "Bronstein Memorial"]
[Site "Minsk BLR"]
[Date "2014.02.12"]
[Round "2.16"]
[White "Daniil Dubov"]
[Black "Yuri Balashov"]
[Result "1-0"]
[EventDate "2014.02.11"]
[WhiteElo "2614"]
[BlackElo "2447"]
[PlyCount "65"]

1. d4 Nf6 2. c4 e6 3. Nc3 Bb4 4. e3 O-O 5. Bd3 c5 6. Nf3 d5 7. O-O Nc6 8. a3 Bxc3 9. bxc3 dxc4 10. Bxc4 Qc7 11. Bb2 e5 12. h3 e4 13. Nd2 Ne7 14. Ba2 Nf5 15. Qe2 Re8 16. d5 Nd6 17. c4 Qe7 18. Bb1 b6 19. f3 exf3 20. Rxf3 Nd7 21. Rg3 f6 22. Qh5 Nf8 23. Bc2 Qf7 24. Qf3 Ng6 25. Rf1 Bd7 26. Qh5 f5 27. Nf3 Qe7 28. Ng5 Nf8 29. Rf4 g6 30. Qh6 b5 31. cxb5 c4 32. a4 c3 33. Ba3 1-0

[Event "Tradewise Gibraltar"]
[Site "La Caleta GIB"]
[Date "2014.02.06"]
[Round "10.19"]
[White "Daniil Dubov"]
[Black "Grigoriy Oparin"]
[Result "1/2-1/2"]
[EventDate "2014.01.28"]
[WhiteElo "2614"]
[BlackElo "2517"]
[PlyCount "85"]

1. Nf3 Nf6 2. g3 d5 3. Bg2 c6 4. O-O Bg4 5. d3 Nbd7 6. h3 Bxf3 7. Bxf3 e5 8. Bg2 Bc5 9. e3 O-O 10. b3 Qe7 11. Bb2 a5 12. a4 Rfe8 13. Nd2 Rad8 14. Qe2 Bb4 15. Nf3 e4 16. Nd4 Ne5 17. g4 g6 18. Rad1 h6 19. f4 exf3 20. Nxf3 Ned7 21. Bc1 Nh7 22. Qf2 Ng5 23. h4 Nxf3+ 24. Bxf3 Qe6 25. Kh1 Ne5 26. Be2 Bf8 27. Rg1 Bg7 28. Rdf1 c5 29. Qg2 b6 30. Rf4 Re7 31. Rgf1 Rd6 32. d4 Nc6 33. c4 cxd4 34. cxd5 Qxd5 35. Qxd5 Rxd5 36. Bc4 Rdd7 37. exd4 Nxd4 38. Ba3 Ne2 39. R4f3 Re4 40. Rxf7 Rxf7 41. Bxf7+ Kh8 42. Kg2 Nd4 43. g5 1/2-1/2

[Event "Tradewise Gibraltar"]
[Site "La Caleta GIB"]
[Date "2014.02.04"]
[Round "8.25"]
[White "Ziaur Rahman"]
[Black "Daniil Dubov"]
[Result "0-1"]
[EventDate "2014.01.28"]
[WhiteElo "2499"]
[BlackElo "2614"]
[PlyCount "60"]

1. d4 f5 2. g3 Nf6 3. Bg2 g6 4. Nf3 Bg7 5. O-O O-O 6. b3 Nc6 7. Bb2 e6 8. Nbd2 Ne7 9. a4 a5 10. Ne1 Rb8 11. Nd3 b6 12. e3 Bb7 13. f3 g5 14. Qe2 Ng6 15. e4 f4 16. Rf2 c5 17. e5 Nd5 18. Nf1 cxd4 19. Bxd4 Qc7 20. Bb2 Nc3 21. Qd2 Nxe5 22. gxf4 Nxd3 23. cxd3 Qxf4 24. Rc1 Rbc8 25. Qxf4 gxf4 26. Rfc2 Na2 27. Rxc8 Bxc8 28. Rb1 Ba6 29. Bxg7 Kxg7 30. d4 Nc3 0-1

[Event "Tradewise Gibraltar"]
[Site "La Caleta GIB"]
[Date "2014.02.01"]
[Round "5.19"]
[White "Daniil Dubov"]
[Black "Danny Raznikov"]
[Result "1-0"]
[EventDate "2014.01.28"]
[WhiteElo "2614"]
[BlackElo "2479"]
[PlyCount "83"]

1. d4 d5 2. c4 c6 3. Nf3 Nf6 4. e3 Bg4 5. Nc3 e6 6. h3 Bh5 7. g4 Bg6 8. Ne5 Nbd7 9. Nxg6 hxg6 10. Bd2 g5 11. cxd5 exd5 12. Bd3 Be7 13. Qf3 Nf8 14. O-O-O g6 15. Kb1 Ne6 16. Qg2 c5 17. dxc5 Nxc5 18. Bc2 Qd6 19. e4 Ncxe4 20. Nxe4 dxe4 21. Bxg5 Qe6 22. Bd2 Rc8 23. g5 O-O 24. Bc1 Rxc2 25. Kxc2 Rc8+ 26. Kb1 Ba3 27. Rd2 Bb4 28. gxf6 Rxc1+ 29. Rxc1 Bxd2 30. Rc8+ Kh7 31. Rc4 Qxf6 32. Rxe4 Bh6 33. f3 Bg7 34. Qf2 Kg8 35. a3 b5 36. Qe2 a6 37. h4 Kh7 38. Rg4 Qf5+ 39. Qe4 Qf6 40. Rg2 Kg8 41. Rc2 Bh8 42. h5 1-0

[Event "Tradewise Gibraltar"]
[Site "La Caleta GIB"]
[Date "2014.01.31"]
[Round "4.21"]
[White "Tan Zhongyi"]
[Black "Daniil Dubov"]
[Result "1/2-1/2"]
[EventDate "2014.01.28"]
[WhiteElo "2483"]
[BlackElo "2614"]
[PlyCount "69"]

1. d4 f5 2. c4 Nf6 3. g3 g6 4. Bg2 Bg7 5. Nc3 O-O 6. Nf3 d6 7. O-O c6 8. b3 Na6 9. Bb2 Qc7 10. d5 e5 11. dxe6 Bxe6 12. Ng5 Bc8 13. Qc2 h6 14. Nf3 Be6 15. Rad1 Nc5 16. Nh4 Bf7 17. e4 fxe4 18. Nxe4 Ncxe4 19. Bxe4 Nxe4 20. Bxg7 Kxg7 21. Qxe4 c5 22. Qd3 Rad8 23. Rfe1 Rfe8 24. Qc3+ Kh7 25. Rxe8 Rxe8 26. Qd3 Re6 27. Ng2 Qe7 28. h4 Kg8 29. Ne3 Be8 30. Nd5 Qf7 31. Qd2 Qf3 32. Re1 Rxe1+ 33. Qxe1 Bf7 34. Ne3 d5 35. cxd5 1/2-1/2

[Event "Tradewise Gibraltar"]
[Site "La Caleta GIB"]
[Date "2014.01.30"]
[Round "3.29"]
[White "Daniil Dubov"]
[Black "Alessio Valsecchi"]
[Result "1-0"]
[EventDate "2014.01.28"]
[WhiteElo "2614"]
[BlackElo "2418"]
[PlyCount "85"]

1. d4 g6 2. c4 f5 3. g3 Nf6 4. Bg2 Bg7 5. Nf3 d6 6. O-O O-O 7. Nc3 c6 8. b3 a5 9. Bb2 Na6 10. d5 Qe8 11. Na4 Nc7 12. Nb6 Ra6 13. Nxc8 Qxc8 14. Rc1 Qd7 15. Bh3 Qe8 16. Re1 a4 17. b4 a3 18. Bxf6 Bxf6 19. e4 fxe4 20. Rxe4 Kh8 21. b5 cxb5 22. cxb5 Nxb5 23. Qd3 Ra8 24. Rc2 e5 25. dxe6 d5 26. Rb4 Ra5 27. Rc5 Be7 28. Rbxb5 Rxb5 29. Rxb5 Rxf3 30. Qd4+ Kg8 31. Rxb7 Qf8 32. Qxd5 Rc3 33. Qd7 Rc1+ 34. Bf1 Rc2 35. f4 Qf6 36. Rb8+ Kg7 37. Re8 Rc7 38. Qxc7 Qd4+ 39. Kg2 Qd5+ 40. Kf2 Qd4+ 41. Kf3 Qd1+ 42. Be2 Qh1+ 43. Kg4 1-0

[Event "Tradewise Gibraltar"]
[Site "La Caleta GIB"]
[Date "2014.01.29"]
[Round "2.59"]
[White "Svetoslav Mihajlov"]
[Black "Daniil Dubov"]
[Result "0-1"]
[EventDate "2014.01.28"]
[WhiteElo "2111"]
[BlackElo "2614"]
[PlyCount "80"]

1. c4 c5 2. Nc3 g6 3. g3 Bg7 4. Bg2 Nc6 5. d3 d6 6. Nf3 e5 7. O-O Nge7 8. Bd2 h6 9. Qc1 Be6 10. a3 Rc8 11. b4 b6 12. e4 cxb4 13. axb4 Nxb4 14. Qb1 Nbc6 15. Nb5 Ra8 16. Qc1 a6 17. Qa3 O-O 18. Nxd6 Qd7 19. Be3 Rfd8 20. c5 b5 21. Rfd1 Nc8 22. Nxb5 axb5 23. Qxa8 N8a7 24. Rxa7 Nxa7 25. c6 Nxc6 26. Qa6 b4 27. Rc1 Rc8 28. Qb5 Bf8 29. Bf1 b3 30. Nd2 Ba3 31. Rb1 Rb8 32. Qa4 Bf8 33. Nxb3 Rb4 34. Qa8 Bxb3 35. Rc1 Nb8 36. Bc5 Qb7 37. Qa5 Bxc5 38. Qxc5 Nd7 39. Qa5 Be6 40. Rc7 Qb6 0-1

[Event "Tradewise Gibraltar"]
[Site "La Caleta GIB"]
[Date "2014.01.28"]
[Round "1.24"]
[White "Daniil Dubov"]
[Black "David Spence"]
[Result "1/2-1/2"]
[EventDate "2014.01.28"]
[WhiteElo "2614"]
[BlackElo "2218"]
[PlyCount "102"]

1. e4 e6 2. d4 d5 3. Nc3 Bb4 4. exd5 exd5 5. Bd3 Nc6 6. a3 Ba5 7. Ne2 Nge7 8. O-O Bg4 9. f3 Bf5 10. Na4 O-O 11. Be3 Re8 12. Ng3 Bxd3 13. Qxd3 Nc8 14. b3 Nd6 15. Bf2 Ne7 16. c4 c6 17. c5 Nb5 18. b4 Bc7 19. Nb2 Bf4 20. Ne2 Bh6 21. a4 Nc7 22. Nc3 Qd7 23. Rfe1 g6 24. Qc2 Nf5 25. g4 Ng7 26. Nd3 f6 27. b5 Nce6 28. Rab1 Nf4 29. Nxf4 Bxf4 30. Qb3 Rxe1+ 31. Rxe1 f5 32. Ne2 Bc7 33. g5 Re8 34. b6 axb6 35. cxb6 Bd6 36. Nc1 Rxe1+ 37. Bxe1 Ne6 38. Ne2 Qe7 39. Bd2 Nxg5 40. Kf1 Ne6 41. Qe3 f4 42. Qd3 Qh4 43. Kg2 Qg5+ 44. Kh1 Qh4 45. Kg2 Qg5+ 46. Kf1 Qh4 47. Kg2 Qg5+ 48. Kh1 Qh4 49. Kg2 Qg5+ 50. Kf1 Qh4 51. Kg2 Qg5+ 1/2-1/2

[Event "Battle of the Generations"]
[Site "Moscow RUS"]
[Date "2013.12.04"]
[Round "3"]
[White "Alexey Shirov"]
[Black "Daniil Dubov"]
[Result "1-0"]
[EventDate "2013.12.02"]
[WhiteElo "2695"]
[BlackElo "2629"]
[PlyCount "81"]

1. d4 d5 2. c4 c6 3. Nf3 Nf6 4. Nc3 e6 5. Bg5 h6 6. Bh4 dxc4 7. e4 g5 8. Bg3 b5 9. h4 g4 10. Ne5 Bb4 11. Be2 Bb7 12. Bxg4 Nbd7 13. Nxd7 Nxd7 14. O-O Rg8 15. e5 Qb6 16. a3 Be7 17. a4 a6 18. axb5 axb5 19. Rxa8+ Bxa8 20. Bf3 Bb7 21. Qd2 b4 22. Ne2 Rh8 23. Nf4 Rg8 24. Bh5 Nf8 25. Rc1 Ba6 26. Be2 Ng6 27. Nxg6 Rxg6 28. Bxc4 Bxc4 29. Rxc4 h5 30. Kh2 Rg4 31. f3 Rg6 32. b3 Qa6 33. Rc2 Kf8 34. Ra2 Qb6 35. Ra8+ Kg7 36. Qd3 c5 37. Re8 Bf8 38. dxc5 Qxc5 39. Qd8 Rxg3 40. Qf6+ Kh7 41. Kxg3 1-0

[Event "Battle of the Generations"]
[Site "Moscow RUS"]
[Date "2013.12.03"]
[Round "2"]
[White "Daniil Dubov"]
[Black "Alexey Shirov"]
[Result "0-1"]
[EventDate "2013.12.02"]
[WhiteElo "2629"]
[BlackElo "2695"]
[PlyCount "70"]

1. d4 d5 2. c4 c6 3. Nf3 Nf6 4. Nc3 e6 5. Bg5 dxc4 6. e4 b5 7. e5 h6 8. Bh4 g5 9. Bg3 Nd5 10. h4 Qa5 11. Rc1 Bb4 12. hxg5 Nxc3 13. bxc3 Bxc3+ 14. Nd2 Nd7 15. Rxh6 Rg8 16. Be2 Bb7 17. Bh5 O-O-O 18. Bxf7 Rxg5 19. Bxe6 Rxg3 20. fxg3 Bxd4 21. Bxd7+ Rxd7 22. e6 Re7 23. Kf1 Qa3 24. Nf3 Qe3 25. Nxd4 Qxh6 26. Nf5 Qf6 27. g4 Rxe6 28. Qd2 c5 29. Kg1 Qd8 30. Qf2 Qd5 31. g5 Kc7 32. a4 Re5 33. Nh4 Rxg5 34. axb5 Rg4 35. Re1 Qd4 0-1

[Event "Bundesliga 2013/14"]
[Site "Muelheim GER"]
[Date "2013.11.23"]
[Round "3"]
[White "Konstantin Yuryevich Landa"]
[Black "Daniil Dubov"]
[Result "1-0"]
[EventDate "2013.10.12"]
[WhiteElo "2640"]
[BlackElo "2641"]
[PlyCount "75"]

1. d4 d5 2. c4 c6 3. Nf3 Nf6 4. e3 Bf5 5. Nc3 e6 6. Nh4 Be4 7. f3 Bg6 8. Qb3 Qc7 9. Bd2 Be7 10. cxd5 cxd5 11. Nxg6 hxg6 12. O-O-O Nc6 13. Kb1 O-O 14. Rc1 Rfc8 15. Qd1 e5 16. g4 exd4 17. exd4 Qd7 18. Bf4 Bd6 19. Bg3 Re8 20. Bb5 Rac8 21. Ba4 a6 22. Qd2 b5 23. Bb3 Bb4 24. Qd3 Na5 25. Be5 Nc4 26. h4 a5 27. h5 a4 28. Bxc4 dxc4 29. Qc2 Bxc3 30. bxc3 b4 31. hxg6 Qb7 32. cxb4 fxg6 33. Bxf6 gxf6 34. Qxg6+ Qg7 35. Qxg7+ Kxg7 36. Rhe1 Rxe1 37. Rxe1 c3 38. Kc2 1-0

[Event "Bundesliga 2013/14"]
[Site "Emsdetten GER"]
[Date "2013.10.13"]
[Round "2"]
[White "Daniil Dubov"]
[Black "David Baramidze"]
[Result "1/2-1/2"]
[EventDate "2013.10.12"]
[WhiteElo "2641"]
[BlackElo "2613"]
[PlyCount "120"]

1. Nf3 Nf6 2. c4 g6 3. Nc3 d5 4. Qa4+ Bd7 5. Qb3 dxc4 6. Qxc4 Bg7 7. e4 c6 8. d4 O-O 9. Be2 Be6 10. Qd3 Bg4 11. Be3 Nbd7 12. Qc2 c5 13. d5 Ne8 14. O-O Nd6 15. Nd2 Bxe2 16. Nxe2 c4 17. f4 Qa5 18. Bf2 Rac8 19. Rfc1 Nb6 20. Kh1 Rfd8 21. a4 h5 22. Nc3 Bh6 23. g3 Bg7 24. Bxb6 Qxb6 25. e5 Nf5 26. a5 Qf2 27. Rf1 Ne3 28. Rxf2 Nxc2 29. Ra4 Ne3 30. a6 bxa6 31. Ra5 Rb8 32. Nf3 Rb6 33. Nd4 f6 34. Nc6 Re8 35. Rc5 fxe5 36. fxe5 Rf8 37. Nxe7+ Kh7 38. Rxf8 Bxf8 39. Rc7 Bxe7 40. d6 Kh6 41. Rxe7 Rxb2 42. h4 Rf2 43. Ne4 Rf1+ 44. Kh2 Ng4+ 45. Kh3 Ne3 46. g4 hxg4+ 47. Kh2 c3 48. Ng5 g3+ 49. Kh3 Rh1+ 50. Kxg3 Nf5+ 51. Kg2 Rxh4 52. Nf7+ Kg7 53. Rc7 Rc4 54. Nh6+ Kxh6 55. Rxc4 Ne3+ 56. Kg3 Nxc4 57. d7 c2 58. d8=Q c1=Q 59. Qh8+ Kg5 60. Qf6+ Kh6 1/2-1/2

[Event "67th Moscow Blitz Championship"]
[Site "Moscow RUS"]
[Date "2013.09.01"]
[Round "1"]
[White "Alexander Grischuk"]
[Black "Daniil Dubov"]
[Result "1/2-1/2"]
[EventDate "2013.09.01"]
[WhiteElo "2785"]
[BlackElo "2624"]
[PlyCount "93"]

1. e4 c5 2. Nf3 e6 3. Nc3 Nc6 4. Bb5 Nd4 5. O-O Nxb5 6. Nxb5 a6 7. Nc3 b5 8. d4 cxd4 9. Qxd4 Ne7 10. Bf4 Nc6 11. Qd3 Be7 12. Rad1 O-O 13. Bd6 Bxd6 14. Qxd6 Qe7 15. Qxe7 Nxe7 16. Rd6 f6 17. Rfd1 Kf7 18. Nd4 Ra7 19. a4 b4 20. Na2 a5 21. Nb5 Ra6 22. Nc1 Rxd6 23. Nxd6+ Kg8 24. Nb3 Nc6 25. Nc5 Rd8 26. f4 g6 27. c3 bxc3 28. bxc3 Ne7 29. Ncb7 Rf8 30. Nxc8 Rxc8 31. Rxd7 Kf8 32. Rd8+ Rxd8 33. Nxd8 e5 34. fxe5 fxe5 35. Kf2 Ke8 36. Nb7 Nc6 37. Ke3 Kd7 38. Kd3 Kc7 39. Nc5 Nd8 40. Kc4 Kc6 41. h4 h5 42. g3 Nf7 43. Nb3 Nd6+ 44. Kd3 Nb7 45. Ke3 Kb6 46. Kd2 Nc5 47. Nxc5 1/2-1/2

[Event "67th Moscow Blitz Championship"]
[Site "Moscow RUS"]
[Date "2013.09.01"]
[Round "3"]
[White "Igor Viktorovich Kovalenko"]
[Black "Daniil Dubov"]
[Result "1/2-1/2"]
[EventDate "2013.09.01"]
[WhiteElo "2644"]
[BlackElo "2624"]
[PlyCount "121"]

1. d4 Nf6 2. c4 c5 3. d5 b5 4. cxb5 a6 5. f3 e6 6. e4 exd5 7. e5 Qe7 8. Qe2 Ng8 9. f4 Bb7 10. Nf3 Qd8 11. g3 Ne7 12. Bg2 g6 13. Nc3 Bg7 14. O-O O-O 15. Nh4 axb5 16. f5 f6 17. fxg6 hxg6 18. exf6 Rxf6 19. Bg5 Re6 20. Qg4 Nbc6 21. Bxd5 Bd4+ 22. Rf2 Bxf2+ 23. Kxf2 Qf8+ 24. Kg1 Nxd5 25. Nxd5 Ne5 26. Qd1 Ra4 27. Nf4 Rd6 28. Qb3+ Kh7 29. Qxb5 Bc6 30. Qe2 Re4 31. Qc2 Qf7 32. Rf1 Qc4 33. Qxc4 Rxc4 34. Nh3 Rxh4 35. Bxh4 Rd2 36. Ng5+ Kg8 37. Rf2 Rd1+ 38. Rf1 Rd2 39. Rf2 Rd1+ 40. Rf1 Rd4 41. Rf4 Rxf4 42. gxf4 Nd3 43. Bf2 d6 44. Bg3 Nxb2 45. f5 gxf5 46. Bxd6 c4 47. Be5 Nd3 48. Bf6 f4 49. h4 Be8 50. Kg2 Bc6+ 51. Kf1 Be8 52. Ke2 Nc1+ 53. Kf3 Nxa2 54. Kxf4 c3 55. Ne4 c2 56. Bb2 Nb4 57. Ke3 Bg6 58. Nf6+ Kf7 59. Ng4 Ke6 60. Kd2 Kd5 61. Ne3+ 1/2-1/2

[Event "67th Moscow Blitz Championship"]
[Site "Moscow RUS"]
[Date "2013.09.01"]
[Round "9"]
[White "Jaroslav Ulko"]
[Black "Daniil Dubov"]
[Result "0-1"]
[EventDate "2013.09.01"]
[WhiteElo "2443"]
[BlackElo "2624"]
[PlyCount "66"]

1. d4 Nf6 2. Nf3 c5 3. d5 g6 4. Nc3 Bg7 5. e4 O-O 6. Be2 b5 7. e5 Ng4 8. Bf4 b4 9. Ne4 d6 10. exd6 exd6 11. h3 Nf6 12. Nxd6 Nh5 13. Bh2 Bxb2 14. O-O Nd7 15. Rb1 Bg7 16. Nd2 Nhf6 17. Nxc8 Rxc8 18. Nc4 Nb6 19. Nxb6 Qxb6 20. Bf3 Rfd8 21. c4 Ne8 22. Qa4 Nd6 23. Bxd6 Rxd6 24. Rfe1 Bd4 25. Re8+ Rxe8 26. Qxe8+ Kg7 27. Re1 Rd8 28. Qc6 Rd6 29. Qc8 Qa5 30. Re8 Qxa2 31. Rg8+ Kf6 32. Qf8 Qxf2+ 33. Kh2 Be5+ 0-1

[Event "67th Moscow Blitz Championship"]
[Site "Moscow RUS"]
[Date "2013.09.01"]
[Round "12"]
[White "Daniil Dubov"]
[Black "Igor V Glek"]
[Result "0-1"]
[EventDate "2013.09.01"]
[WhiteElo "2624"]
[BlackElo "2460"]
[PlyCount "102"]

1. Nf3 d6 2. d4 Bg4 3. Nbd2 g6 4. h3 Bd7 5. g3 Bg7 6. Bg2 Nc6 7. d5 Nb4 8. c4 c6 9. a3 Na6 10. dxc6 Bxc6 11. O-O Nf6 12. b4 Ne4 13. Nxe4 Bxe4 14. Ra2 O-O 15. Bb2 Bxb2 16. Rxb2 Rc8 17. Qd4 Bc6 18. Rc1 b6 19. Rbc2 Nc7 20. Qe3 Ne6 21. h4 Bxf3 22. Bxf3 Ng7 23. Qd3 h5 24. Bd5 e6 25. Bf3 Qe7 26. Qb3 Rc7 27. Rd1 Rfc8 28. e3 Ne8 29. Be2 Nf6 30. Rcd2 Ne4 31. Rd4 d5 32. cxd5 exd5 33. Ba6 Qf6 34. Rf1 Rc1 35. Rdd1 Rxd1 36. Qxd1 Rd8 37. Bd3 Nc3 38. Qb3 d4 39. e4 Qf3 40. Bc4 b5 41. Bd5 Rxd5 42. Qc2 Qxe4 43. Qd2 Ne2+ 44. Kh2 d3 45. Re1 Qf3 46. Rf1 Rd4 47. Qb2 Rc4 48. Qe5 Re4 49. Qb8+ Kg7 50. Qb7 d2 51. Qd5 Nd4 0-1

[Event "67th Moscow Blitz Championship"]
[Site "Moscow RUS"]
[Date "2013.09.01"]
[Round "13"]
[White "Mikhail Mozharov"]
[Black "Daniil Dubov"]
[Result "0-1"]
[EventDate "2013.09.01"]
[WhiteElo "2508"]
[BlackElo "2624"]
[PlyCount "164"]

1. d4 Nf6 2. Bf4 g6 3. e3 Bg7 4. Nf3 O-O 5. h3 c5 6. c3 b6 7. Bd3 Bb7 8. Nbd2 d6 9. Qe2 Nbd7 10. Bh2 Re8 11. O-O e5 12. dxe5 dxe5 13. e4 a6 14. a4 Nh5 15. Nc4 Qc7 16. Qc2 Nf4 17. Rfd1 Rad8 18. Bf1 Nf8 19. Ne3 Nd7 20. Bxf4 exf4 21. Nd5 Qb8 22. Rd2 Ne5 23. Be2 f5 24. Nxe5 Qxe5 25. Bc4 Kh8 26. exf5 Bxd5 27. Rad1 Be4 28. Qb3 Rxd2 29. Rxd2 Bxf5 30. Re2 Qb8 31. Rxe8+ Qxe8 32. Qxb6 h5 33. Qxc5 Kh7 34. Kh2 Kh6 35. a5 Qe1 36. Bxa6 Qd2 37. b4 Qxc3 38. Qd6 Qd4 39. Qe7 f3 40. Qe3+ Qxe3 41. fxe3 Be5+ 42. Kg1 Bc3 43. b5 Bxa5 44. gxf3 Bb6 45. Kf2 Bxh3 46. Bb7 Bd7 47. Ba6 Kg5 48. Ke2 h4 49. f4+ Kg4 50. Kf2 h3 51. Bb7 Bxb5 52. Bc8+ Kh4 53. Bb7 Bd7 54. Bh1 Bf5 55. Bf3 Bg4 56. Be4 Bf5 57. Bf3 Be6 58. Be4 Bf7 59. Bf3 Bc7 60. Be4 Be8 61. Bf3 Bd7 62. Be4 Bf5 63. Bf3 Bb6 64. Bh1 h2 65. Bf3 Bh3 66. Be4 Bf5 67. Bf3 Kh3 68. Bg2+ Kg4 69. Bf3+ Kh4 70. Bg2 Kh5 71. Bf3+ Kh6 72. Bd5 Kg7 73. Bh1 Kf6 74. Kf3 Bd7 75. e4 Bb5 76. Kg3 Be3 77. Kf3 Bd2 78. Kg3 Ke7 79. Kg4 Kf6 80. Kg3 Ba6 81. Kg4 Be2+ 82. Kg3 Bd3 0-1

[Event "67th Moscow Blitz Championship"]
[Site "Moscow RUS"]
[Date "2013.09.01"]
[Round "14"]
[White "Daniil Dubov"]
[Black "Sergey Karjakin"]
[Result "1-0"]
[EventDate "2013.09.01"]
[WhiteElo "2624"]
[BlackElo "2772"]
[PlyCount "131"]

1. c4 e5 2. e3 Nf6 3. Nc3 Nc6 4. Nf3 Bb4 5. Qc2 Bxc3 6. Qxc3 Qe7 7. Be2 d5 8. O-O d4 9. exd4 exd4 10. Qa3 Qxa3 11. bxa3 Bf5 12. Bb2 O-O-O 13. d3 Ng4 14. Nh4 Be6 15. Rfe1 Rhe8 16. Rad1 g5 17. Nf3 h6 18. Bf1 Nf6 19. h4 Bg4 20. hxg5 hxg5 21. Bc1 Bxf3 22. gxf3 Rg8 23. Bh3+ Kb8 24. Bf5 b6 25. Kg2 Nh5 26. Re4 Nf4+ 27. Bxf4 gxf4+ 28. Kf1 Rh8 29. Rxf4 Na5 30. Be4 Rd7 31. Ke2 Nb7 32. Rg1 Nc5 33. Rg7 Na4 34. Rgxf7 Nc3+ 35. Kd2 Rdd8 36. Bc6 Kc8 37. Re7 Rh6 38. Be4 Rh2 39. Rff7 Rxf2+ 40. Ke1 Nxe4 41. Rxc7+ Kb8 42. Rb7+ Ka8 43. Rxa7+ Kb8 44. Rab7+ Ka8 45. fxe4 Rxa2 46. Ra7+ Kb8 47. Rab7+ Ka8 48. Ra7+ Kb8 49. Rfb7+ Kc8 50. Rxb6 Rh8 51. Ra8+ Kc7 52. Rxh8 Kxb6 53. Ra8 Rb2 54. Ra4 Kc6 55. Rb4 Ra2 56. Rb3 Kd6 57. Kd1 Ke5 58. c5 Ra1+ 59. Kc2 Ra2+ 60. Kc1 Rh2 61. Rb2 Rh6 62. Kc2 Kf4 63. Kb3 Ke3 64. Kc4 Ra6 65. Rb3 Kd2 66. Kxd4 1-0